header

The End of theology (Record no. 62480)

MARC details
000 -LEADER
fixed length control field 01451nam a2200361Ia 4500
082 04 - DEWEY DECIMAL CLASSIFICATION NUMBER
Classification number 230/.01/4
100 1# - MAIN ENTRY--AUTHOR NAME
Personal name Raschke, Carl A.
245 14 - TITLE STATEMENT
Title The End of theology
250 ## - EDITION STATEMENT
Edition statement Rev. ed.
260 ## - PUBLICATION, DISTRIBUTION, ETC. (IMPRINT)
Place of publication Aurora, Colo. :
Name of publisher Davies Group,
Year of publication 2000.
300 ## - PHYSICAL DESCRIPTION
Number of Pages xxiii, 24-154 p.
490 1# - SERIES STATEMENT
Series statement Series in philosophical and cultural studies in religion
500 ## - GENERAL NOTE
General note Rev. ed. of: The alchemy of the word.
650 #0 - SUBJECT ADDED ENTRY--TOPICAL TERM
Topical Term Language and languages
Topical Term Hermeneutics
Topical Term Philosophical theology.
700 1# - ADDED ENTRY--PERSONAL NAME
Personal name Raschke, Carl A.
856 40 - ELECTRONIC LOCATION AND ACCESS
Uniform Resource Identifier http://site.ebrary.com/lib/rucke/Doc?id=10031875

No items available.

© 2026 Rongo University
Contact us: librarian | system librarian | Rongo university